[Event "Polgar Challenge 2021"]
[Site "Online"]
[Date "2021.04.04"]
[Round "13.9"]
[White "Khademalsharieh, Sarasadat"]
[Black "Mammadzada, Gunay"]
[Result "1-0"]
[WhiteElo "2494"]
[BlackElo "2443"]
[Annotator "ChessBase"]
[PlyCount "115"]
[EventDate "2021.04.08"]
[EventType "tourn"]
[EventCountry "NET"]
[SourceTitle "playchess.com"]
[Source "ChessBase"]
[SourceQuality "1"]
[TimeControl "600+5"]

1. Nf3 {[%emt 0:00:00]} d5 {[%emt 0:00:00]} 2. e3 {[%emt 0:00:00]} Nf6 {[%emt 0:00:01]} 3. c4 {[%emt 0:00:01]} c6 {[%emt 0:00:02]} 4. Nc3 {[%emt 0:00:05]} a6 {[%emt 0:00:07]} 5. d4 {[%emt 0:00:32]} Bf5 {[%emt 0:00:02]} 6. Ne5 {[%emt 0:00:01]} Nbd7 {[%emt 0:00:02]} 7. Qb3 {[%emt 0:00:05]} Qc7 {[%emt 0:00:02]} 8. cxd5 {[%emt 0:00:03]} Nxe5 {[%emt 0:00:02]} 9. dxe5 {[%emt 0:00:01]} Nxd5 {[%emt 0:00:01]} 10. Bc4 {[%emt 0:00:02]} e6 {[%emt 0:00:03]} 11. e4 {[%emt 0:00:09]} Nxc3 {[%emt 0:00:02]} 12. exf5 {[%emt 0:00:02]} Nd5 {[%emt 0:00:01]} 13. Bxd5 {[%emt 0:00:00]} cxd5 {[%emt 0:01:33]} 14. O-O {[%emt 0:00:20]} Be7 {[%emt 0:02:20]} 15. Qg3 {[%emt 0:00:22]} g6 {[%emt 0:02:37]} 16. f6 {[%emt 0:00:38]} Bc5 {[%emt 0:00:02]} 17. Be3 {[%emt 0:00:42]} d4 {[%emt 0:01:20]} 18. Bh6 {[%emt 0:00:27]} Qd7 {[%emt 0:00:34]} 19. Rac1 {[%emt 0:00:06]} Qd5 {[%emt 0:00:13]} 20. a3 {[%emt 0:02:45]} Kd7 {[%emt 0:00:13]} 21. b4 {[%emt 0:00:21]} Bb6 {[%emt 0:00:01]} 22. Rcd1 {[%emt 0:00:04]} Rac8 {[%emt 0:00:11]} 23. Rd3 {[%emt 0:00:02]} Rc4 {[%emt 0:00:33]} 24. Rfd1 {[%emt 0:00:04]} Kc8 {[%emt 0:00:06]} 25. h4 {[%emt 0:00:25]} Bc7 {[%emt 0:00:30]} 26. Re1 {[%emt 0:01:01]} Rd8 {[%emt 0:00:11]} 27. h5 {[%emt 0:00:21]} Kb8 {[%emt 0:00:24]} 28. Bf4 {[%emt 0:00:04]} Qc6 {[%emt 0:00:12]} 29. Bd2 {[%emt 0:01:00]} Rd5 {[%emt 0:00:06]} 30. f4 {[%emt 0:00:30]} Rd8 {[%emt 0:00:13]} 31. Rd1 {[%emt 0:00:04]} Bb6 {[%emt 0:00:03]} 32. Be1 {[%emt 0:00:16]} gxh5 {[%emt 0:00:18]} 33. Bf2 {[%emt 0:00:09]} Qe4 {[%emt 0:00:13]} 34. Qh4 {[%emt 0:00:15]} Rg8 {[%emt 0:00:03]} 35. Rg3 {[%emt 0:00:10]} Rxg3 {[%emt 0:00:11]} 36. Qxg3 {[%emt 0:00:02]} Qg6 {[%emt 0:00:01]} 37. Qf3 {[%emt 0:00:07]} Qg4 {[%emt 0:00:04]} 38. Qxg4 {[%emt 0:00:29]} hxg4 {[%emt 0:00:00]} 39. f5 {[%emt 0:00:10]} Rc6 {[%emt 0:00:32]} 40. Bxd4 {[%emt 0:00:19]} Kc7 {[%emt 0:00:01]} 41. Bxb6+ {[%emt 0:00:10]} Rxb6 {[%emt 0:00:00]} 42. fxe6 {[%emt 0:00:19]} Rxe6 {[%emt 0:00:02]} 43. Rd5 {[%emt 0:00:02]} b6 {[%emt 0:00:04]} 44. Kh2 {[%emt 0:00:11]} h5 {[%emt 0:00:15]} 45. Kg3 {[%emt 0:00:05]} Kc6 {[%emt 0:00:00]} 46. Rd8 {[%emt 0:00:14]} Rxe5 {[%emt 0:00:02]} 47. Rf8 {[%emt 0:00:01]} Kd6 {[%emt 0:00:02]} 48. Rxf7 {[%emt 0:00:03]} Ke6 {[%emt 0:00:01]} 49. Rb7 {[%emt 0:00:26]} Kxf6 {[%emt 0:00:04]} 50. Rxb6+ {[%emt 0:00:01]} Kg5 {[%emt 0:00:07]} 51. Rxa6 {[%emt 0:00:02]} Re3+ {[%emt 0:00:01]} 52. Kh2 {[%emt 0:00:02]} Kh4 {[%emt 0:00:10]} 53. Rf6 {[%emt 0:00:11]} Rxa3 {[%emt 0:00:05]} 54. Rf5 {[%emt 0:00:12]} Rb3 {[%emt 0:00:07]} 55. g3+ {[%emt 0:00:04]} Rxg3 {[%emt 0:00:06]} 56. Rxh5+ {[%emt 0:00:00]} Kxh5 {[%emt 0:00:00]} 57. Kxg3 {[%emt 0:00:01]} Kg5 {[%emt 0:00:09]} 58. b5 {[%emt 0:00:03]} 1-0

[Event "Polgar Challenge 2021"]
[Site "Online"]
[Date "2021.04.04"]
[Round "13.10"]
[White "Abdusattorov, Nodirbek"]
[Black "Murzin, Volodar"]
[Result "1-0"]
[WhiteElo "2627"]
[BlackElo "2478"]
[Annotator "TA"]
[PlyCount "93"]
[EventDate "2021.04.08"]
[EventType "tourn"]
[EventCountry "NET"]
[SourceTitle "playchess.com"]
[Source "ChessBase"]
[SourceQuality "1"]

{[%evp 14,93,18,0,7,8,12,0,0,0,23,19,21,14,68,6,21,22,25,25,22,18,25,22,26,0,56,66,70,51,58,43,76,52,62,55,47,55,66,61,48,20,61,54,54,54,56,54,87,86,81,50,164,158,165,113,144,95,96,88,93,74,97,95,100,89,83,53,157,161,172,76,775,777,774,759,1706,1089,1092,1072,29989,522]} 1. e4 c6 2. d4 d5 3. exd5 cxd5 4. c4 Nf6 5. Nc3 g6 6. Qb3 Bg7 7. cxd5 O-O 8. g3 a5 {B14: Caro-Kann: Panov-Botvinnik Attack with 5...e6 and 5...g6.} 9. Bg2 {[#]} a4 $146 ({Predecessor:} 9... Na6 10. Nge2 Nb4 11. O-O Bf5 12. Bf4 Bc2 13. Qa3 Nfxd5 14. Be5 Bf5 15. Bxg7 Kxg7 16. Rad1 {½-½ (57) Erdogdu,M (2396)-Purtseladze,M (2274) Chess.com INT 2021}) 10. Nxa4 Nxd5 {The position is equal.} 11. Ne2 e6 12. O-O Nc6 13. Nac3 Re8 (13... Nxc3 $11 14. bxc3 Na5) 14. Rd1 (14. Nxd5 $14 exd5 15. Be3) 14... Bd7 15. Nxd5 (15. Qxb7 $2 Na5 $19) 15... exd5 16. Be3 Bg4 17. Nc3 Bxd1 18. Rxd1 Ne7 19. Nxd5 {And now Bg5 would win.} ({Don't play} 19. Qxb7 Rb8 $15) 19... Nxd5 (19... Nf5 $11) 20. Bxd5 $14 Qd7 21. Kg2 ({But not} 21. Bxb7 $2 Rab8 $19) 21... Red8 22. Bf3 ({Wrong is} 22. Bxb7 $2 Rab8 $19) 22... Ra5 23. a3 Rb5 24. Qc2 Rc8 25. Qa4 Rd5 26. Qxd7 Rxd7 27. Rd2 Bf8 28. Bg4 f5 29. Bd1 $36 {[%mdl 2048] Threatens to win with Bb3+. White is pushing.} Kg7 30. Bb3 {Be6 is the strong threat.} Rdd8 31. Be6 Rc7 32. d5 {aiming for Bd4+.} Rc4 (32... Bc5 $14) 33. Bd4+ $18 Kh6 {[#]} 34. Bf6 ({White should try} 34. Bb6 $1 $18 {[%cal Rb6d8]} Ra8 35. d6) 34... Rd6 35. Be5 Rd8 36. h4 Bd6 37. Bc3 Re8 38. Rd3 Ra8 39. Kh3 Re8 40. f3 f4 ({Black should play} 40... b5 $14) 41. g4 $16 {Intending g5+ and mate.} g5 42. Bf6 (42. Rd1 $18 {has better winning chances.}) 42... gxh4 $2 {[%mdl 8192] [#] Black cannot hold the game after this.} (42... Kg6 $16 43. hxg5 h6) 43. Bf7 $1 $18 {[%csl Gf6][%cal Rg4g5]} Re5 44. Kxh4 Be7 45. g5+ {[%mdl 64] Overworked Piece} Rxg5 46. Bxe7 {White threatens Bf8+ and mate.} Rg1 47. Bf8+ {Weighted Error Value: White=0.14/Black=0.37} 1-0

[Event "Polgar Challenge 2021"]
[Site "Online"]
[Date "2021.04.04"]
[Round "14.1"]
[White "Zhu, Jiner"]
[Black "Murzin, Volodar"]
[Result "0-1"]
[WhiteElo "2459"]
[BlackElo "2478"]
[Annotator "TA"]
[PlyCount "150"]
[EventDate "2021.04.08"]
[EventType "tourn"]
[EventCountry "NET"]
[SourceTitle "playchess.com"]
[Source "ChessBase"]
[SourceQuality "1"]

{[%evp 12,150,17,20,56,37,37,38,39,29,33,29,38,5,138,130,133,133,126,127,150,122,134,129,114,93,83,83,82,31,33,33,36,20,49,41,66,66,79,72,79,79,76,75,80,79,80,34,47,29,46,55,77,72,144,138,139,0,107,108,102,66,105,106,104,74,125,85,83,79,85,79,87,81,80,60,66,63,85,8,8,0,0,0,0,0,0,0,0,0,0,0,8,0,0,-32,-20,-33,-41,-48,-29,-39,-29,-22,-43,-127,-143,-239,-239,-387,-255,-255,-255,-368,-360,-384,-360,-351,-303,-346,-291,-274,-246,-666,-666,-535,-526,-506,-305,-865,-792,-1033,-787,-1538,-1450,-29979,-29980,-29981,-29982,-29983,-29983]} 1. e4 c6 2. d4 d5 3. e5 Bf5 4. Nf3 e6 5. Be2 Ne7 6. O-O c5 {6...h6 is setting a new trend.} 7. dxc5 Nbc6 {B12: Caro-Kann: Advance Variation.} 8. c4 dxc4 9. Bxc4 Ng6 {White is slightly better.} 10. Be3 Be7 11. Nc3 O-O 12. Be2 {[#]} Ngxe5 $146 (12... Qb8 $11) ({Predecessor:} 12... Qb8 13. Nd2 Rd8 14. f4 Nb4 15. Rc1 b6 16. c6 Nxc6 17. Bf3 Qb7 18. Nb5 Rac8 {1-0 (42) Harikrishna,P (2729)-Mamedyarov,S (2817) Kolkata 2018}) 13. Nxe5 $16 Nxe5 14. f4 $1 {Black must now prevent Qxd8.} Qxd1 15. Raxd1 Ng4 16. Bxg4 Bxg4 17. Rd7 {[%csl LRb7,LRe7][%mdl 64] Double Attack} Bf6 18. Rxb7 Bxc3 19. bxc3 {Strongly threatening c6.} Bf5 20. c6 (20. Rd1 $16) 20... Be4 $14 21. Rxa7 Bxc6 22. Rd1 Bd5 23. a3 Rab8 24. Bc5 Rfc8 25. Bb4 h6 26. Rd4 Rc4 27. Rxc4 Bxc4 $16 {[%mdl 4096] Endgame KRB-KRB} 28. Rc7 Bb3 29. Rd7 Rc8 30. Kf2 Rc4 31. Ke3 Rc6 32. g3 f6 (32... g5 $142) 33. Ra7 Rc8 34. Rd7 ({White should play} 34. a4 $16) 34... Ba4 (34... Rc6 $1 $11) 35. Rd6 (35. Re7 {feels hotter.} Bb3 36. Ra7 Re8 37. a4 e5 38. a5) 35... Bb3 36. Kd4 Rc4+ {[#]} 37. Kd3 $1 Rc8 38. Rd7 Ba4 (38... Kh7 $142) 39. Rd4 Kf7 40. Bd6 Bc6 41. c4 g5 42. Kc3 Kg6 43. c5 Ra8 44. Kb3 Kf5 45. a4 (45. Rb4 $16) 45... e5 $11 46. fxe5 fxe5 47. g4+ Ke6 48. Rb4 (48. Rd3 {is interesting.} Bxa4+ 49. Kb4 Be8 50. Re3 Ra4+ 51. Kc3) 48... Kd5 49. Kc3 Bxa4 50. Rb2 Bc6 51. Rd2+ Ke6 52. Re2 e4 53. Kd4 Ra4+ 54. Ke3 Ra3+ 55. Kd4 Rd3+ 56. Kc4 Bd5+ 57. Kb4 Rb3+ 58. Ka5 {[#] White is on the road to losing.} ({Better is} 58. Ka4 $1 $15) 58... e3 $1 $17 59. Bg3 (59. Bf8 $17) 59... Bc4 $19 60. Rc2 (60. Ka4 {was the only defense.} Kd5 61. Bd6) 60... Rb5+ 61. Ka4 Rxc5 {aiming for ...Bb5+.} 62. Kb4 (62. Rc3 {is the only way for White.} e2 63. Re3+ Kd5 64. Re5+ Kd4 65. Rxc5 Kxc5 66. Bf2+ Kd5 67. Kb4) 62... Kd5 63. Rc1 {Hoping for Rd1+.} Rb5+ 64. Kc3 {With the idea Rd1+.} Rb3+ 65. Kc2 Ke4 66. Ra1 Rb6 67. Ra7 $2 (67. Ra4 Kd4 68. Be1) 67... Bd3+ 68. Kc3 Rc6+ 69. Kb4 Kf3 70. Re7 $2 (70. Rc7 Rb6+ 71. Kc3) 70... e2 71. Rd7 Be4 72. Re7 Rc1 73. Re6 Rg1 {Black mates.} 74. Rf6+ Kxg4 75. Re6 Rxg3 {Weighted Error Value: White=0.19/Black=0.18} 0-1

[Event "Polgar Challenge 2021"]
[Site "Online"]
[Date "2021.04.04"]
[Round "14.2"]
[White "Mammadzada, Gunay"]
[Black "Abdusattorov, Nodirbek"]
[Result "0-1"]
[WhiteElo "2443"]
[BlackElo "2627"]
[Annotator "TA"]
[PlyCount "68"]
[EventDate "2021.04.08"]
[EventType "tourn"]
[EventCountry "NET"]
[SourceTitle "playchess.com"]
[Source "ChessBase"]
[SourceQuality "1"]

{[%evp 10,68,35,34,41,57,46,35,116,0,0,-33,-39,-43,-20,-20,-20,-20,-22,-35,-31,-41,-38,-36,0,-9,0,-31,-31,-31,-35,-37,-37,-33,-33,-113,-101,-158,-116,-245,-231,-254,-241,-240,-250,-331,-302,-476,-516,-556,-547,-529,-529,-475,-341,-797,-789,-756,-739,-1420,-1364]} 1. e4 e5 2. Nf3 Nc6 3. Bb5 a6 4. Ba4 d6 5. O-O Bd7 6. c3 g5 {C72: Ruy Lopez: Deferred Steinitz: 5 0-0.} 7. d4 g4 8. Ne1 Bg7 $5 {[%mdl 4] [#] A promising side line.} ({Better is} 8... h5 $14) 9. dxe5 $146 ({White should play} 9. d5 $16 Nce7 10. Qxg4) ({Predecessor:} 9. d5 Nce7 10. Qxg4 Bxa4 11. Qxg7 Ng6 12. f4 Qf6 13. Qxf6 Nxf6 14. fxe5 Nxe4 15. exd6 cxd6 16. Nd2 Nc5 17. Nc4 {1-0 (17) Boguslavsky,O (2316)-Dushatskiy,F (2225) Eppingen 2004}) 9... Nxe5 $11 10. Bxd7+ Qxd7 11. Nd3 h5 12. Nxe5 Bxe5 13. Nd2 O-O-O 14. Nc4 $1 Bg7 15. Bg5 Re8 16. f3 h4 {White must now prevent ...Qb5.} (16... Qb5 $5 17. Qd5 $8 Qxd5 18. exd5 b5 $11) 17. fxg4 h3 18. g3 Rxe4 19. Qd5 Qe6 20. Qxe6+ fxe6 21. Rf4 Re2 {Strongly threatening ...Nh6.} 22. Raf1 (22. Rf2 $15 Rxf2 23. Kxf2) 22... b5 23. Na5 (23. Ne3 $142) 23... Nh6 ({And not} 23... Rxb2 24. Rf8+ $1 {[%mdl 512]} Bxf8 25. Rxf8+ Kd7 26. Rd8#) 24. R1f2 {[#] White does not recover from this.} (24. R4f2 $17 Rxf2 25. Rxf2) 24... Re5 $1 $19 {[%cal Re5g5]} 25. Bh4 Re1+ 26. Rf1 Rxf1+ 27. Kxf1 e5 28. Rf3 (28. Re4 $142 d5 29. Re2) 28... Nxg4 29. Kg1 Bh6 30. Nc6 e4 31. Rf7 e3 {( -> ...e2)} 32. Kf1 (32. Nd4) 32... Nxh2+ {Black is clearly winning.} 33. Ke2 Ng4 34. Ne7+ Kb7 {Weighted Error Value: White=0.55/Black=0.13} 0-1

[Event "Polgar Challenge 2021"]
[Site "Online"]
[Date "2021.04.04"]
[Round "14.3"]
[White "Nihal Sarin"]
[Black "Khademalsharieh, Sarasadat"]
[Result "1-0"]
[WhiteElo "2620"]
[BlackElo "2494"]
[Annotator "TA"]
[PlyCount "131"]
[EventDate "2021.04.08"]
[EventType "tourn"]
[EventCountry "NET"]
[SourceTitle "playchess.com"]
[Source "ChessBase"]
[SourceQuality "1"]

{[%evp 16,131,6,11,49,13,56,3,93,77,92,105,121,118,110,113,144,129,171,164,158,132,137,135,138,134,129,129,125,123,138,126,154,150,154,154,154,0,123,133,136,136,153,135,156,156,185,182,179,143,196,189,189,202,200,166,251,184,277,184,266,259,284,268,372,365,517,322,301,0,366,359,466,344,443,443,444,443,449,449,449,0,448,448,443,420,521,436,519,446,531,487,538,458,591,587,539,523,491,509,604,594,710,725,855,850,801,789,683,671,1096,1018,2312,1840,2154,1878,29983,29984]} 1. Nf3 d5 2. b3 Nf6 3. Bb2 g6 4. c4 dxc4 5. bxc4 Bg7 6. g3 O-O 7. Bg2 c5 8. O-O Nc6 9. d3 e6 {[#] A05: Réti Opening: 1 Nf3 Nf6.} 10. Nbd2 $146 ({Predecessor:} 10. Nc3 Qc7 11. Qd2 Qd8 12. Rfd1 Bd7 13. Rac1 Qe7 14. e3 Rac8 15. Ba3 b6 16. d4 {0-1 (42) Zarubitski,V (2442)-Lu,S (2615) Tornelo INT 2020}) 10... Qe7 11. Rb1 (11. Ne5 $14) 11... Rd8 (11... Qc7 $11) 12. Ne5 $16 Nxe5 13. Bxe5 Ne8 {[#]} 14. Bxg7 Kxg7 15. Qa4 Nd6 16. Qa5 Nf5 17. Nb3 Nd4 18. Rfe1 ({Resist} 18. Qxc5 $6 Nxe2+ 19. Kh1 Qf6 $16) 18... Nxb3 19. Rxb3 Rd7 20. Reb1 Rc7 21. h4 h5 22. Bf3 e5 23. Bd5 Qd7 24. Rb5 Qe7 25. Qa3 Kh7 26. Qa5 Kg7 $1 27. Kg2 Kh7 28. Qa3 Kg7 29. Ra5 a6 30. Rb6 Ra7 31. Qb2 Kh7 32. Ra3 {[%cal Ba5a3,Ba3b3,Bb3b1][%mdl 32]} Ra8 (32... a5 $16 {was necessary.} 33. Kh1 a4) 33. Rab3 $18 Ra7 34. Qc1 Kg7 35. Qe3 Ra8 (35... a5 $142 36. Rb2 a4) 36. Rb1 Ra7 (36... a5 $142 37. Kg1 a4) 37. Qd2 Ra8 (37... Bd7 $142 38. Qe3 (38. Bxb7 $2 Rcxb7 39. f3 Bc8 $19) 38... Bc8) 38. a4 {[%cal Ba2a4,Ba4a5][%mdl 32]} Ra7 39. a5 Kh7 40. Qe3 Rd7 (40... f6 $142 41. Kg1 Kg7) 41. Qf3 Kg7 42. Qe3 $2 {[#]} ({White should play} 42. Qe4 $18) 42... Rc7 $2 {[%mdl 8192]} (42... Kh7 $1 $11 {and Black has nothing to worry.} 43. Kg1 Rc7) 43. f3 Rd7 44. Qg5 Qxg5 45. hxg5 Rc7 46. Kf2 Kf8 47. Ke3 Re7 48. Kf2 Rc7 $1 49. e4 Re7 50. Ke3 Ke8 51. Rd6 Be6 52. Rbb6 Bxd5 53. Rxd5 {[%mdl 4096] Endgame KRR-KRR} Ra8 54. Rxc5 Rd8 55. Rd5 Rc8 56. f4 exf4+ 57. Kxf4 Rcc7 58. c5 Re6 59. d4 Ree7 60. Rdd6 Kf8 61. e5 Ke8 62. Ke4 Kf8 63. Rd8+ Kg7 64. Rbd6 Kh7 65. Rb8 Red7 66. d5 {Weighted Error Value: White=0.32/Black=0.52} 1-0

[Event "Polgar Challenge 2021"]
[Site "Online"]
[Date "2021.04.04"]
[Round "14.4"]
[White "Badelka, Olga"]
[Black "Abdumalik, Zhansaya"]
[Result "1-0"]
[WhiteElo "2433"]
[BlackElo "2472"]
[Annotator "ChessBase"]
[PlyCount "133"]
[EventDate "2021.04.08"]
[EventType "tourn"]
[EventCountry "NET"]
[SourceTitle "playchess.com"]
[Source "ChessBase"]
[SourceQuality "1"]
[TimeControl "600+5"]

1. d4 {[%emt 0:00:00]} Nf6 {[%emt 0:00:00]} 2. Nf3 {[%emt 0:00:00]} g6 {[%emt 0:00:00]} 3. g3 {[%emt 0:00:04]} Bg7 {[%emt 0:00:14]} 4. c4 {[%emt 0:00:04]} c5 {[%emt 0:00:07]} 5. Nc3 {[%emt 0:00:04]} cxd4 {[%emt 0:00:18]} 6. Nxd4 {[%emt 0:00:02]} O-O {[%emt 0:00:03]} 7. Bg2 {[%emt 0:00:03]} Qc7 {[%emt 0:00:00]} 8. Qd3 {[%emt 0:00:03]} Nc6 {[%emt 0:00:34]} 9. O-O {[%emt 0:00:05]} Ne5 {[%emt 0:00:36]} 10. Qe3 {[%emt 0:00:02]} d6 {[%emt 0:00:43]} 11. b3 {[%emt 0:00:16]} Qb6 {[%emt 0:00:48]} 12. Na4 {[%emt 0:01:17]} Qc7 {[%emt 0:00:51]} 13. Bb2 {[%emt 0:00:15]} Bd7 {[%emt 0:00:08]} 14. Nc3 {[%emt 0:00:08]} a6 {[%emt 0:00:08]} 15. h3 {[%emt 0:00:30]} Rfe8 {[%emt 0:00:12]} 16. Rac1 {[%emt 0:00:22]} Qb6 {[%emt 0:00:24]} 17. Nd5 {[%emt 0:01:27]} Qd8 {[%emt 0:00:24]} 18. Nxf6+ {[%emt 0:02:09]} Bxf6 {[%emt 0:00:45]} 19. f4 {[%emt 0:00:03]} Nc6 {[%emt 0:00:01]} 20. Nxc6 {[%emt 0:00:01]} Bxc6 {[%emt 0:00:19]} 21. Bxf6 {[%emt 0:00:12]} exf6 {[%emt 0:00:03]} 22. Qf2 {[%emt 0:00:37]} Qa5 {[%emt 0:00:13]} 23. Rc2 {[%emt 0:00:23]} Rac8 {[%emt 0:00:40]} 24. Rd1 {[%emt 0:00:29]} Re6 {[%emt 0:00:33]} 25. Rcd2 {[%emt 0:00:31]} Rce8 {[%emt 0:00:19]} 26. Bf1 {[%emt 0:00:32]} Qb4 {[%emt 0:00:26]} 27. f5 {[%emt 0:00:49]} Re5 {[%emt 0:01:28]} 28. fxg6 {[%emt 0:00:02]} hxg6 {[%emt 0:00:01]} 29. Rxd6 {[%emt 0:00:17]} Rf5 {[%emt 0:00:15]} 30. Qd4 {[%emt 0:00:10]} Re4 {[%emt 0:00:09]} 31. Rd8+ {[%emt 0:00:24]} Kg7 {[%emt 0:00:01]} 32. Qd6 {[%emt 0:00:09]} Qb6+ {[%emt 0:00:28]} 33. Rd4 {[%emt 0:00:06]} Kh7 {[%emt 0:00:48]} 34. Qf8 {[%emt 0:00:31]} Qxd4+ {[%emt 0:00:01]} 35. Rxd4 {[%emt 0:00:02]} Rxd4 {[%emt 0:00:01]} 36. Qxf7+ {[%emt 0:00:01]} Kh6 {[%emt 0:00:04]} 37. Qf8+ {[%emt 0:00:05]} Kg5 {[%emt 0:00:16]} 38. Qh8 {[%emt 0:00:34]} Re5 {[%emt 0:00:37]} 39. Kf2 {[%emt 0:00:02]} Kf5 {[%emt 0:00:06]} 40. g4+ {[%emt 0:00:15]} Ke6 {[%emt 0:00:05]} 41. Qg8+ {[%emt 0:00:07]} Ke7 {[%emt 0:00:05]} 42. Qg7+ {[%emt 0:00:02]} Ke6 {[%emt 0:00:02]} 43. Qg8+ {[%emt 0:00:02]} Ke7 {[%emt 0:00:03]} 44. Qxg6 {[%emt 0:00:04]} Rf4+ {[%emt 0:00:03]} 45. Ke1 {[%emt 0:00:01]} Rd4 {[%emt 0:00:12]} 46. h4 {[%emt 0:00:06]} Be8 {[%emt 0:00:02]} 47. Qg7+ {[%emt 0:00:03]} Bf7 {[%emt 0:00:01]} 48. g5 {[%emt 0:00:05]} Ke8 {[%emt 0:00:11]} 49. Qxf6 {[%emt 0:00:05]} Rde4 {[%emt 0:00:05]} 50. g6 {[%emt 0:00:01]} Bg8 {[%emt 0:00:01]} 51. Qh8 {[%emt 0:00:16]} Kf8 {[%emt 0:00:03]} 52. Qf6+ {[%emt 0:00:08]} Ke8 {[%emt 0:00:01]} 53. g7 {[%emt 0:00:00]} Kd7 {[%emt 0:00:02]} 54. Qf8 {[%emt 0:00:03]} Re8 {[%emt 0:00:01]} 55. Qf5+ {[%emt 0:00:14]} Kc7 {[%emt 0:00:01]} 56. h5 {[%emt 0:00:06]} R4e6 {[%emt 0:00:01]} 57. Qf4+ {[%emt 0:00:04]} Kb6 {[%emt 0:00:06]} 58. h6 {[%emt 0:00:02]} Bh7 {[%emt 0:00:00]} 59. Qd4+ {[%emt 0:00:05]} Kc7 {[%emt 0:00:04]} 60. Qf4+ {[%emt 0:00:05]} Kb6 {[%emt 0:00:01]} 61. Qd4+ {[%emt 0:00:01]} Kc7 {[%emt 0:00:00]} 62. a4 {[%emt 0:00:02]} Rd6 {[%emt 0:00:06]} 63. Qf4 {[%emt 0:00:02]} Kc6 {[%emt 0:00:06]} 64. Bg2+ {[%emt 0:00:06]} Kd7 {[%emt 0:00:01]} 65. Bd5 {[%emt 0:00:06]} Rg6 {[%emt 0:00:06]} 66. Qf7+ {[%emt 0:00:06]} Re7 {[%emt 0:00:04]} 67. Qxg6 {[%emt 0:00:02]} 1-0

[Event "Polgar Challenge 2021"]
[Site "Online"]
[Date "2021.04.04"]
[Round "14.5"]
[White "Lei, Tingjie"]
[Black "Mendonca, Leon Luke"]
[Result "0-1"]
[WhiteElo "2505"]
[BlackElo "2549"]
[Annotator "ChessBase"]
[PlyCount "124"]
[EventDate "2021.04.08"]
[EventType "tourn"]
[EventCountry "NET"]
[SourceTitle "playchess.com"]
[Source "ChessBase"]
[SourceQuality "1"]
[TimeControl "600+5"]

1. e4 {[%emt 0:00:00]} c5 {[%emt 0:00:00]} 2. Nf3 {[%emt 0:00:00]} d6 {[%emt 0:00:09]} 3. d4 {[%emt 0:00:00]} cxd4 {[%emt 0:00:01]} 4. Nxd4 {[%emt 0:00:00]} Nf6 {[%emt 0:00:00]} 5. Nc3 {[%emt 0:00:00]} a6 {[%emt 0:00:02]} 6. a4 {[%emt 0:00:01]} g6 {[%emt 0:00:45]} 7. Be2 {[%emt 0:00:02]} Bg7 {[%emt 0:00:03]} 8. O-O {[%emt 0:00:01]} O-O {[%emt 0:00:03]} 9. Be3 {[%emt 0:00:01]} Nc6 {[%emt 0:00:08]} 10. Qd2 {[%emt 0:00:01]} Bd7 {[%emt 0:00:49]} 11. Rfd1 {[%emt 0:00:03]} Rc8 {[%emt 0:00:50]} 12. f3 {[%emt 0:00:02]} Nxd4 {[%emt 0:02:40]} 13. Bxd4 {[%emt 0:00:03]} Be6 {[%emt 0:00:03]} 14. a5 {[%emt 0:01:53]} Bc4 {[%emt 0:00:51]} 15. Ra4 {[%emt 0:00:35]} Bxe2 {[%emt 0:00:24]} 16. Qxe2 {[%emt 0:00:07]} Qd7 {[%emt 0:00:51]} 17. Rb4 {[%emt 0:00:29]} Qc7 {[%emt 0:00:15]} 18. Bb6 {[%emt 0:01:03]} Qc6 {[%emt 0:00:16]} 19. Rd2 {[%emt 0:01:21]} Rfe8 {[%emt 0:00:18]} 20. Nd5 {[%emt 0:00:59]} Nd7 {[%emt 0:00:48]} 21. Be3 {[%emt 0:00:14]} e6 {[%emt 0:00:16]} 22. Nb6 {[%emt 0:00:12]} Nxb6 {[%emt 0:00:01]} 23. Rxb6 {[%emt 0:00:01]} Qa4 {[%emt 0:00:18]} 24. c3 {[%emt 0:00:57]} d5 {[%emt 0:00:24]} 25. Rxb7 {[%emt 0:00:09]} Qxa5 {[%emt 0:00:10]} 26. Bd4 {[%emt 0:00:56]} Bxd4+ {[%emt 0:00:46]} 27. Rxd4 {[%emt 0:00:03]} Qc5 {[%emt 0:00:24]} 28. Qf2 {[%emt 0:00:26]} dxe4 {[%emt 0:00:22]} 29. fxe4 {[%emt 0:00:48]} Rc7 {[%emt 0:00:16]} 30. Rxc7 {[%emt 0:01:02]} Qxc7 {[%emt 0:00:00]} 31. Qf6 {[%emt 0:00:02]} Rb8 {[%emt 0:00:08]} 32. Rd2 {[%emt 0:00:35]} Qb6+ {[%emt 0:00:04]} 33. Qf2 {[%emt 0:00:17]} Qc6 {[%emt 0:00:07]} 34. Qf4 {[%emt 0:00:04]} Qb6+ {[%emt 0:00:05]} 35. Qf2 {[%emt 0:00:13]} Qc6 {[%emt 0:00:03]} 36. Qf4 {[%emt 0:00:07]} Qc5+ {[%emt 0:00:06]} 37. Qf2 {[%emt 0:00:03]} Qe5 {[%emt 0:00:06]} 38. Qd4 {[%emt 0:00:11]} Qxd4+ {[%emt 0:00:03]} 39. cxd4 {[%emt 0:00:01]} Kf8 {[%emt 0:00:01]} 40. Kf2 {[%emt 0:00:02]} Ke7 {[%emt 0:00:01]} 41. Rc2 {[%emt 0:00:04]} Kd6 {[%emt 0:00:07]} 42. Ke3 {[%emt 0:00:07]} Rb3+ {[%emt 0:00:03]} 43. Kf4 {[%emt 0:00:10]} f5 {[%emt 0:00:05]} 44. exf5 {[%emt 0:00:04]} gxf5 {[%emt 0:00:04]} 45. Rc8 {[%emt 0:00:10]} Rxb2 {[%emt 0:00:06]} 46. Rd8+ {[%emt 0:00:02]} Ke7 {[%emt 0:00:03]} 47. Rh8 {[%emt 0:00:02]} Rxg2 {[%emt 0:00:03]} 48. Rxh7+ {[%emt 0:00:01]} Kd6 {[%emt 0:00:02]} 49. h4 {[%emt 0:00:10]} Rg4+ {[%emt 0:00:08]} 50. Ke3 {[%emt 0:00:01]} Rg3+ {[%emt 0:00:07]} 51. Ke2 {[%emt 0:00:12]} Kd5 {[%emt 0:00:06]} 52. Rd7+ {[%emt 0:00:01]} Kc6 {[%emt 0:00:12]} 53. Ra7 {[%emt 0:00:03]} Rh3 {[%emt 0:00:03]} 54. Re7 {[%emt 0:00:09]} Kd5 {[%emt 0:00:04]} 55. Rd7+ {[%emt 0:00:01]} Kc6 {[%emt 0:00:10]} 56. Ra7 {[%emt 0:00:08]} Rxh4 {[%emt 0:00:04]} 57. Rxa6+ {[%emt 0:00:01]} Kd5 {[%emt 0:00:01]} 58. Ra5+ {[%emt 0:00:07]} Kc4 {[%emt 0:00:09]} 59. Ra6 {[%emt 0:00:12]} Re4+ {[%emt 0:00:08]} 60. Kf3 {[%emt 0:00:01]} Kxd4 {[%emt 0:00:04]} 61. Ra4+ {[%emt 0:00:03]} Ke5 {[%emt 0:00:01]} 62. Ra5+ {[%emt 0:00:04]} Kf6 {[%emt 0:00:01]} 0-1